| 000 | 00615cam a2200205 4500 | ||
|---|---|---|---|
| 001 | D16230 | ||
| 008 | 090401t1963 xxu||||| |||| 00| 0 eng d | ||
| 035 | _a(Sirsi) u28083 | ||
| 041 | _aeng | ||
| 050 | _a692.3 | ||
| 110 |
_aRoyal Institution of Chartered Surveyors _94900 |
||
| 245 | _aStandard method of measurement of building works, authorised by agreement between RICS and the National Federation of Building Trades Employers | ||
| 250 | _a5th | ||
| 260 |
_aLondon _bRICS/NFBTE _c1963 |
||
| 300 | _axi. 108p. 30cm | ||
| 350 | _a0 | ||
| 520 | _aFiled at SMM 1963/5B | ||
| 942 | _n0 | ||
| 948 | _c04/03/1997 | ||
| 999 |
_c89202 _d89202 |
||